Fuzzy set theory and advanced mathematical applications (Record no. 191144)

MARC details
000 -LEADER
fixed length control field 00692nam a2200205Ia 4500
008 - FIXED-LENGTH DATA ELEMENTS--GENERAL INFORMATION
fixed length control field 191130s1995##################000#0#eng##
020 ## - INTERNATIONAL STANDARD BOOK NUMBER
ISBN 9780792395867
082 ## - DEWEY DECIMAL CLASSIFICATION NUMBER
Classification number 511.32 DAR
245 ## - TITLE STATEMENT
Title Fuzzy set theory and advanced mathematical applications
Statement of responsibility, etc edited by Da Ruan ; [foreword by Hans-Jürgen Zimmermann]
260 ## - PUBLICATION, DISTRIBUTION, ETC. (IMPRINT)
Place of publication Dordrecht ; Boston
Name of publisher Kluwer Academic Publishers
Year of publication c1995
300 ## - PHYSICAL DESCRIPTION
Number of Pages xviii, 324 p. : ill. ; 25 cm., : acid-free paper
500 ## - GENERAL NOTE
General note Includes bibliographical references and index
650 ## - SUBJECT ADDED ENTRY--TOPICAL TERM
Topical Term Fuzzy sets
700 ## - ADDED ENTRY--PERSONAL NAME
Personal name Ruan, Da
991 ## -
-- 123839
Holdings
Withdrawn status Lost status Damaged status Not for loan Home library Current library Date acquired Full call number Accession Number Price effective from Koha item type
        Anna Centenary Library Anna Centenary Library 13.10.2020 511.32 DAR 304361 13.10.2020 English Books

Find us on the map